| 000 | 01464cam a22003977a 4500 | ||
|---|---|---|---|
| 003 | CHAP | ||
| 005 | 20220329141859.0 | ||
| 008 | 980403d1997 mx a r 00110 spa d | ||
| 010 | _a75213 | ||
| 011 | _a76185 | ||
| 035 | _a85764 | ||
| 040 | _cCHAP | ||
| 090 | _aTesis | ||
| 100 | 0 | 0 |
_aHernández Zuárez, Angel. _954764 |
| 245 | 1 | 0 |
_aComposición botánica de la dieta de novilos en praderas de alfalfa (Medicago sativa L.) y orchard (Dactylis glomerata L.) _c/por Angel Hernández Zuárez |
| 260 |
_aChapingo, Méx. : _bEl autor, _c1997. |
||
| 300 |
_a53 h. : _bilus. ; anexos |
||
| 502 | _aTesis (Ing. Agr. Esp. en Zootecnia) -- UACH. Departamento de Zootecnia | ||
| 590 |
_aALEPH _b10 _c20130110 _lUCH01 _h1423 |
||
| 590 |
_aBATCH-UPD _b10 _c20130110 _lUCH01 _h0310 |
||
| 590 |
_aBATCH-UPD _b10 _c20130110 _lUCH01 _h1310 |
||
| 590 |
_aBATCH-UPD _b10 _c20130409 _lUCH01 _h2342 |
||
| 590 |
_aBATCH-UPD _b10 _c20130410 _lUCH01 _h1543 |
||
| 590 |
_aBATCH-UPD _b10 _c20130914 _lUCH01 _h0252 |
||
| 590 |
_aBATCH-UPD _b10 _c20130914 _lUCH01 _h2057 |
||
| 590 |
_aCONVERSION _b10 _c20130109 _lUCH01 _h1341 |
||
| 650 | 1 | 4 |
_aAlfalfa como forraje. _93899 |
| 650 | 1 | 4 |
_aDactylis glomerata. _930865 |
| 650 | 1 | 4 |
_aGanado vacuno _xAlimentación. _945429 |
| 650 | 1 | 4 |
_aHistología animal. _955594 |
| 901 | _aBK | ||
| 905 | _aMayto Villalobos S. | ||
| 942 | _cFOLL | ||
| 949 |
_bBC _cTES _d33724000587374 _eTS2 _fc.2 _h32141 _i85764 _sb |
||
| 949 |
_bBC _cTES _d857641 _eTS1 _h32140 _i85764 _sb |
||
| 999 |
_c75213 _d75213 |
||